ბათუმის შოთა რუსთაველის სახელმწიფო უნივერსიტეტის ბიბლიოთეკა

ნოველები, ესეები = Nouvelles, Essais : (ბიბ.ჩანაწერი № 56050)

000 -ლიდერი
ფიქსირებული სიგრძის საკონტროლო ველი 01361nam a2200265Ia 4500
001 - საკონტროლო ნომერი
საკონტროლო ველი 23150
003 - საკონტროლო ნომრის იდენტიფიკატორი
საკონტროლო ველი GE_BSU
005 - ბოლო ოპერაციის თარიღი და დრო
საკონტროლო ველი 20230716135726.0
008 - ფიქსირებული სიგრძის მონაცემთა ელემენტები - ზოგადი ინფორმაცია
ფიქსირებული სიგრძის საკონტროლო ველი 181216s2007||||ge |||||||||||||| ||geo||
040 ## - კატალოგიზაციის წყარო
Transcribing agency GE_BSU
041 ## - ენის კოდი
Language code of text/sound track or separate title geo
080 ## - უნივერსალური ათობითი კლასიფიკაციის ინდექსი
Universal Decimal Classification number 821.133.1-4 + 821.133.1-32 მ-84
100 ## - მთავარი ჩანაწერი - პიროვნების სახელი
Personal name მოპასანი, გი დე
9 (RLIN) 11762
245 ## - ცნობა სათაურის შესახებ
Title ნოველები, ესეები = Nouvelles, Essais :
Statement of responsibility, etc გი დე მოპასანი ; ფრანგ. თარგმნა ნანა ახალაძემ (წინასიტყვ. ავტ.) ; რედ. მანანა ჯაოშვილი.
264 ## - წარმოების, გამოცემის, დისტრიბუციის და სხვა ცნობები
გამოცემის, წარმოების, დისტრიბუციის... ადგილი თბილისი :
გამოცემის, წარმოების, დისტრიბუციის... სახელწოდება ბლექ სი კოლორი,
გამოცემის, წარმოების, დისტრიბუციის... თარიღი 2007.
300 ## - ფიზიკური აღწერა
Extent 235 გვ. ; 20 სმ.
500 ## - ზოგადი შენიშვნა
General note გაშლილი თავფურცელი ინგლისურ ენაზე
500 ## - ზოგადი შენიშვნა
General note შენიშვნები : გვ. 229-232
520 ## - SUMMARY, ETC.
Summary, etc გაშლ. თავფ. ინგლ. შენიშვნები: გვ. 229-232.
653 ## - INDEX TERM--UNCONTROLLED
Uncontrolled term ნოველები, ესეები = Nouvelles, Essais
700 ## - ADDED ENTRY--PERSONAL NAME
Personal name ახალაძე, ნანა
Relator term მთარგმნელი
9 (RLIN) 3028
700 ## - ADDED ENTRY--PERSONAL NAME
Personal name ჯაოშვილი, მანანა
Relator term რედაქტორი
9 (RLIN) 19352
942 ## - ADDED ENTRY ELEMENTS (KOHA)
Koha item type წიგნი
Source of classification or shelving scheme
ეგზემპლარები
ჩამოწერის სტატუსი დაკარგული ეგზემპლარის სტატუსი კლასიფიკაციის წყარო ან თაროზე გაწყობის სქემა დაზიანების სტატუსი არ გაიცემა მუდმივი მდებარეობა (დაცვის ადგილი) ამჟამინდელი ადგილსამყოფელი თაროზე განთავსების ადგილი შეძენის თარიღი ღირებულება, შესყიდვის ნორმალური ფასი სრული შენახვის შიფრი შტრიხკოდი ბოლო ოპერაციის თარიღი ეგზემპლარის მიმდევრობითი ნომერი (კეტერი?) ფასის ძალაში შესვლის თარიღი ეგზემპლარის სახეობა საჯარო შენიშვნა
          ბათუმის შოთა რუსთაველის სახელმწიფო უნივერსიტეტის მთავარი ბიბლიოთეკა ბათუმის შოთა რუსთაველის სახელმწიფო უნივერსიტეტის მთავარი ბიბლიოთეკა წიგნსაცავი 2018-12-17 8.00 821.133.1-4 + 821.133.1-32 მ-84 58572 2018-12-17 58572 2018-12-17 წიგნი 8.00 ₾.